جواب اور حقیقت / (Record no. 172636)

MARC details
000 -LEADER
fixed length control field 00465nam a22001697a 4500
005 - DATE AND TIME OF LATEST TRANSACTION
control field 20200210115550.0
010 ## - LCCN (DPL NO)
LC control number A-564426
035 ## - SYSTEM CONTROL NUMBER
System control number A-564426
037 ## - SOURCE OF ACQUISITION
Source of stock number/acquisition BPPD/Pub.
082 ## - DEWEY DECIMAL CLASSIFICATION NUMBER
Classification number 921
100 ## - MAIN ENTRY--PERSONAL NAME
Personal name عبد السلام
245 ## - TITLE STATEMENT
Title جواب اور حقیقت /
Statement of responsibility, etc عبد السلام
246 ## - VARYING FORM OF TITLE
Title proper/short title Jawab Aur Haqiqat (Urdu) /
Remainder of title by Abdul Salam
260 ## - PUBLICATION, DISTRIBUTION, ETC. (IMPRINT)
Place of publication, distribution, etc -
Name of publisher, distributor, etc -
Date of publication, distribution, etc 1990 ء
300 ## - PHYSICAL DESCRIPTION
Extent 528p.
Dimensions 21cm(Hb)
942 ## - ADDED ENTRY ELEMENTS (KOHA)
Source of classification or shelving scheme Dewey Decimal Classification
Item type Urdu Bks
Classification part 921
Call number suffix ع ب د
Holdings
Withdrawn status Lost status Not for loan Collection code Home library Current library Date acquired Source of acquisition Full call number Barcode Copy number Koha item type
      Non-fiction Central Library Central Library 10/02/2020 BPPD/Ven. 921 ع ب د A-564426 1 Urdu Bks

© Delhi Public Library
Hit Counter
free hit counter